The Chief constitutions of Europe and the British Commonwealth: a brief study of their origin and working (Record no. 358835)

000 -LEADER
fixed length control field 00427cam a22001217a 4500
008 - FIXED-LENGTH DATA ELEMENTS--GENERAL INFORMATION
fixed length control field 180718b1926 xxu||||| |||| 00| 0 eng d
082 ## - DEWEY DECIMAL CLASSIFICATION NUMBER
Classification number C4x4 Ay99
100 ## - MAIN ENTRY--PERSONAL NAME
Personal name Ayyar, N.R. Subba
245 ## - TITLE STATEMENT
Title The Chief constitutions of Europe and the British Commonwealth: a brief study of their origin and working
Statement of responsibility, etc. by N.R. Subba Ayyar
260 ## - PUBLICATION, DISTRIBUTION, ETC.
Place of publication, distribution, etc. Kumbakonham
Name of publisher, distributor, etc. M. Ramanathan
Date of publication, distribution, etc. 1926
300 ## - PHYSICAL DESCRIPTION
Extent 139p.
650 ## - SUBJECT ADDED ENTRY--TOPICAL TERM
Topical term or geographic name entry element Constitutional law - Europe
Holdings
Withdrawn status Lost status Damaged status Not for loan Permanent Location Current Location Date acquired Full call number Barcode Date last seen Price effective from Koha item type
        Indian Institute of Public Administration Indian Institute of Public Administration 2010-01-20 C4x4 Ay99 A465 2018-07-21 2018-07-21 A

Powered by Koha